Responses for Show #8997 - Tuesday, December 19, 2023

2023-2024 Second Chance competition week 1, semifinal game 1.
New opening featuring show crew.

Contestants

[<< previous game]

Mike Elliott, a meat cutter originally from Derry, New Hampshire

Eva Thomas, an attorney from Brooklyn, New York

Jason Carpenter, a stand-up comic from Santa Rosa Valley, California

[next game >>]

Jeopardy! Round responses

MAMMALS IN LATIN
CAUTIONARY RHYMES
KING'S CROSSING
ALWAYS IN FASHION
UNOFFICIAL TEAM NICKNAMES
FAMOUS LAST WORDS
    $200 30
(Ken: Yes, not a nice thing to call [*]--porcus.)

a pig

Jason
    $200 27
warning

Eva
    $200 11
Louis XVI

Eva
    $200 29
leopard (print)

Jason
    $200 26
the New Orleans Saints

Mike
    $200 1
terminal

Eva
    $400 22
a bear

Mike
    $400 25
poison ivy

Mike
    $400 15
(Jason: What is Denmark?)

Norway

Jason
Triple Stumper
    $400 28
501s

Eva
    $400 23
the Atlanta Braves

Eva
    $400 24
Omega

Mike
    $600 21
a whale

Jason
    $600 10
marry

Triple Stumper
    $600 14
Richard III

Eva
    $600 16
(Jason: What is mohair?)

camel

JasonEva
    $600 18
(Mike: My mom would be proud.)

Philadelphia

Mike
    $600 7
a full stop

Mike
    $800 8
a cow

Jason
    $800 20
a king snake

Jason
    $2,000 12
(Eva: Who is King Philip?)
(Ken: No, I'm sorry. It would be [*], mourning the loss of Isabella, I believe.)
(Eva: Yes.)

Ferdinand

Eva
    $800 2
(Eva: What are sunglasses?)
(Ken: Can you be more specific?)

Aviator sunglasses

Eva
    $800 17
Hakeem Olajuwon

Mike
    $800 6
a coup de grâce

Eva
    $1000 9
(Mike: What is... goat?)

a deer

Mike
Triple Stumper
    $1000 19
Wednesday & Thursday

Mike
    $1000 13
Prussia

Jason
    $1000 3
Christian Dior

Eva
    $1000 4
the Rams

Eva
    $1000 5
a resolution

Jason

Scores at the first commercial break (after clue 15):

Jason Eva Mike
$2,400 $2,600 -$400

Scores at the end of the Jeopardy! Round:

Jason Eva Mike
$3,600 $4,200 $3,400

Double Jeopardy! Round responses

FROM THE FRENCH
CORNERSTONES
SUPER SUCCESSFUL SEQUELS
AUSTRALIAN BOOKS & AUTHORS
IT HAPPENED IN 2023
COUNTRIES INSIDE OTHER COUNTRY NAMES
    $400 6
a parachute

Jason
    $400 26
the Wright brothers

Jason
    $400 27
Top Gun: Maverick

Mike
    $400 30
Tasmania

Jason
    $400 29
Maui

Eva
    $400 28
Mali

Eva
    $800 5
[ERRATUM: [*] usually refers to the year of grape harvest, not of bottling.]

vintage

Eva
    $800 24
Harriet Tubman

Triple Stumper
    $799 23
(Mike: Uh... well, I wanna stick around for Final; let's do, uh, $799.)

Jurassic World

Mike
    $800 19
King Lear

Jason
    $800 21
a balloon

Mike
    $800 25
Dominica

Mike
    $1200 2
a monocle

Mike
    $10,600 15
(Mike: What is Yale?)

William & Mary

Mike
    $1200 7
Revenge of the Fallen

Mike
    $1200 20
blood

Triple Stumper
    $1200 10
the United Auto Workers

Jason
    $1200 12
(2 of) Papua New Guinea, Guinea-Bissau & Equatorial Guinea

Mike
    $1600 3
cassoulet

Eva
    $1600 13
(Jason: What is Providence?)
(Eva: What is Provincetown?)

Newport

JasonEvaMike
    $1600 8
Tron: Legacy

Jason
    $1600 22
The Thorn Birds

Triple Stumper
    $1600 1
a cane toad

Jason
    $1600 18
Niger (in Nigeria)

Jason
    $2000 4
a jamb

Jason
    $2000 14
Daniel Webster

Triple Stumper
    $2000 9
(Mike: What is Bad Boys III?)
(Ken: Can you be more specific?)

Bad Boys for Life

Mike
    $2000 16
(Jason: What is The China Syndrome?)

On the Beach

Jason
Triple Stumper
    $2000 11
Jair Bolsonaro

Jason
    $2000 17
(Ken: Jason just saw it.)

Oman (from Romania)

Triple Stumper

Scores at the end of the Double Jeopardy! Round:

Jason Eva Mike
$12,000 $5,800 $2,799
(lock game)

[wagering suggestions for these scores]

Final Jeopardy! Round responses

INVENTIONS
(Ken: [To Eva] Yes, stehos is the Greek for "chest"; of course, you observe the heart and lungs there.)
MikeWhat is Thanks Everyone? ♡
$45
EvaWhat is ste stethoscope?
$0
JasonWhat is a ste stethoscope?
$0
a stethoscope

Final scores:

Jason Eva Mike
$12,000 $5,800 $2,754
Finalist 2nd place: $3,000 3rd place: $2,000

Game dynamics:

Coryat scores:

Jason Eva Mike
$12,000 $7,800 $13,400
17 R,
4 W
15 R,
2 W
(including 1 DD)
17 R
(including 1 DD),
2 W
(including 1 DD)

Combined Coryat: $33,200

[game clues] [game scores] [suggest correction]

Game tape date: 2023-11-28
The J! Archive is created by fans, for fans. Scraping, republication, monetization, and malicious use prohibited; this site may use cookies and collect identifying information. See terms. The Jeopardy! game show and all elements thereof, including but not limited to copyright and trademark thereto, are the property of Jeopardy Productions, Inc. and are protected under law. This website is not affiliated with, sponsored by, or operated by Jeopardy Productions, Inc. Join the discussion at JBoard.tv.